| 000 | 00438nam a2200169 4500 | ||
|---|---|---|---|
| 005 | 20260109154553.0 | ||
| 008 | 260109b |||||||| |||| 00| 0 eng d | ||
| 020 | _a978-0-241-98297-6 | ||
| 041 | _aEnglish | ||
| 082 |
_aX 973.932092 OBA _bB12157 |
||
| 100 |
_aObama, Michelle _9216293 |
||
| 245 | _aBecoming | ||
| 260 |
_aNew Delhi _bPenguin Random House _c2021 |
||
| 300 |
_axix,441p _bpb |
||
| 365 |
_aRupaye _b487 _cINR |
||
| 942 | _cBK | ||
| 999 |
_c369835 _d369835 |
||